| 000 | 00772pam a2200253 a 4500 | ||
|---|---|---|---|
| 001 | 1995963 | ||
| 003 | OSt | ||
| 005 | 20230607091150.0 | ||
| 008 | 900529s1990 enk b 001 0 eng | ||
| 010 | _a 90004869 | ||
| 020 | _a0435080474 | ||
| 040 |
_aDLC _cDLC _dDLC |
||
| 082 | 0 | 0 |
_a909.82 _bMAZ |
| 100 | 1 | _aMazrui, Ali AlʼAmin. | |
| 245 | 1 | 0 |
_aCultural forces in world politics / _cAli A. Mazrui. |
| 260 |
_aLondon : _bJ. Currey ; _aPortsmouth, N.H. : _bHeinemann, _c1990. |
||
| 300 |
_ax, 262 p. ; _c24 cm. |
||
| 504 | _aIncludes bibliographical references and index. | ||
| 650 | 0 |
_aWorld politics _y1945-1989. |
|
| 650 | 0 | _aPolitics and culture. | |
| 906 |
_a7 _bcbc _corignew _d1 _eocip _f19 _gy-gencatlg |
||
| 942 |
_2ddc _cBK |
||
| 999 |
_c780 _d780 |
||